Rozpikselowane postaci Disneya - Statystyki

Ogólne statystyki
  • Ten quiz został rozwiązany 100 razy
    86 od ostatniego zresetowania
  • Średni wynik to 15 z 20
Statystyki odpowiedzi
Obrazkowy Odpowiedź % Poprawnych
Simba
99%
Aladyn
96%
Ariel
96%
Kaczor Donald
96%
Kopciuszek
96%
Kubuś Puchatek
96%
Pinokio
93%
Dumbo
89%
Dzwoneczek
89%
Olaf
88%
Lilo
86%
Skaza
84%
Alicja
77%
Hades
73%
Zła Królowa
68%
Robin Hood
67%
Tiana
60%
Diabolina
36%
Lady
36%
Bernard
26%
Nie znaleziono quizów pasujących do podanych kryteriów
Rozkład punktacji
Procent ludzi z każdym wynikiem
Percentyl według liczby udzielonych odpowiedzi
Twoja historia wyników
Nie rozwiązałeś tego quizu od ostatniego zresetowania